| 000 | 00702nam a22001937a 4500 | ||
|---|---|---|---|
| 005 | 20250430114153.0 | ||
| 010 | _aENG-144741 | ||
| 020 |
_a9788196935337 _c495.00 |
||
| 035 | _aEN-128273 | ||
| 037 | _bDBAD | ||
| 082 | _a320 | ||
| 245 |
_aChronicle Political Science & International Relations : _bIAS Mains PYQ Solved Papers 2011-2023 _cEdited by N.N. Ojha |
||
| 260 |
_aNoida _bChronicle Publication _c2024 |
||
| 270 |
_aA-27D, Sector 16 _bNoida _e201301 _k0120-2514610/12 _minfo@chronicleindia.in |
||
| 300 |
_a392p. _c28cm(pbk) |
||
| 500 | _aAlso Useful for all State Public Service Commission and other Examination | ||
| 700 |
_aOjha, N.N. _977953 |
||
| 942 |
_2ddc _cEN _mCHR _h320 |
||
| 999 |
_c209314 _d209314 |
||